Library of the University of Algiers 3
Ibrahim Sultan Cheibout
شعار جامعة الجزائر 3
مكتبة جامعة الجزائر 3
إبراهيم سلطان شيبوط

إدارة المشتريات والمخازن / (رقم التسجيلة. 42539)

تفاصيل مارك
000 -LEADER
fixed length control field 01272nam a2200217Ia 4500
003 - CONTROL NUMBER IDENTIFIER
control field Ost
005 - DATE AND TIME OF LATEST TRANSACTION
control field 20260507075043.0
008 - FIXED-LENGTH DATA ELEMENTS--GENERAL INFORMATION
fixed length control field 260507s9999||||xx |||||||||||||| ||und||
020 ## - INTERNATIONAL STANDARD BOOK NUMBER
International Standard Book Number 9773280640
040 ## - CATALOGING SOURCE
Transcribing agency fsecg
041 ## - LANGUAGE CODE
Language code of text/sound track or separate title ara
082 ## - DEWEY DECIMAL CLASSIFICATION NUMBER
Classification number 330
100 ## - MAIN ENTRY--PERSONAL NAME
Personal name حنفي، عبد الغفار
Relator term مؤلف
245 #0 - TITLE STATEMENT
Title إدارة المشتريات والمخازن /
Statement of responsibility, etc. عبد الغفار حنفي
260 ## - PUBLICATION, DISTRIBUTION, ETC.
Place of publication, distribution, etc. الاسكندرية:
Name of publisher, distributor, etc. دار الجامعة الجديدة للنشر,
Date of publication, distribution, etc. 2002
300 ## - PHYSICAL DESCRIPTION
Extent 446 صفحة؛
Other physical details إيضاحات ؛
Dimensions 24 سم
520 ## - SUMMARY, ETC.
Summary, etc. الجزء الأول:أهمية إدارة المواد والإمداد، تخطيط الإحتياجات من المواد وإعداد الموازنة المالية، الشراء من الخارج، شراء الأجهزة الرأسمالية، إدارة المخازن الجزء الثاني:الرقابة على المخزون وتقييم الأداء، النماذج التحديدية للرقابة على المخزون، النماذج الإحتمالية للرقابة على المخزون، مشاكل النقل والتوزيع، تقييم نشاط إدارة المواد والإمداد
653 ## - INDEX TERM--UNCONTROLLED
Uncontrolled term الشراء
653 ## - INDEX TERM--UNCONTROLLED
Uncontrolled term المخازن
942 ## - ADDED ENTRY ELEMENTS (KOHA)
Koha item type كتب
المقتنيات
Withdrawn status Lost status Source of classification or shelving scheme Damaged status Not for loan Home library Current library Date acquired Serial enumeration / chronology Inventory number Total checkouts Full call number Barcode Date last seen Price effective from Koha item type
    Dewey Decimal Classification   NOT LOAN / إعارة داخلية مكتبة كلية العلوم الإقتصادية والعلوم التجارية وعلوم التسيير مكتبة كلية العلوم الإقتصادية والعلوم التجارية وعلوم التسيير 07/05/2026 الطابق الأرضي 390/1   أ/390ن1 390/1 07/05/2026 07/05/2026 كتب
    Dewey Decimal Classification   Available مكتبة كلية العلوم الإقتصادية والعلوم التجارية وعلوم التسيير مكتبة كلية العلوم الإقتصادية والعلوم التجارية وعلوم التسيير 07/05/2026 الطابق الأرضي 390/2   أ/390ن2 390/2 07/05/2026 07/05/2026 كتب
    Dewey Decimal Classification   Available مكتبة كلية العلوم الإقتصادية والعلوم التجارية وعلوم التسيير مكتبة كلية العلوم الإقتصادية والعلوم التجارية وعلوم التسيير 07/05/2026 الطابق الأرضي 390/3   أ/390ن2 390/3 07/05/2026 07/05/2026 كتب
    Dewey Decimal Classification   Available مكتبة كلية العلوم الإقتصادية والعلوم التجارية وعلوم التسيير مكتبة كلية العلوم الإقتصادية والعلوم التجارية وعلوم التسيير 07/05/2026 الطابق الأرضي 390/4   أ/390ن4 390/4 07/05/2026 07/05/2026 كتب
    Dewey Decimal Classification   Available مكتبة كلية العلوم الإقتصادية والعلوم التجارية وعلوم التسيير مكتبة كلية العلوم الإقتصادية والعلوم التجارية وعلوم التسيير 07/05/2026 الطابق الثاني 390/5   أ/390ن5 390/5 07/05/2026 07/05/2026 كتب
    Dewey Decimal Classification   Available مكتبة كلية العلوم الإقتصادية والعلوم التجارية وعلوم التسيير مكتبة كلية العلوم الإقتصادية والعلوم التجارية وعلوم التسيير 07/05/2026 الطابق الثاني 390/6   أ/390ن6 390/6 07/05/2026 07/05/2026 كتب

موارد الويب المفتوحة


© University of Algiers 3 All Rights Reserved
|
Implemented by LECHELAH Riad